[Event "BEL-chT2 0708"]
[Site "Belgium"]
[Date "2007.11.18"]
[Round "4"]
[White "Fontaine, Pierre"]
[Black "Schuermans, Robert"]
[Result "1/2-1/2"]
[WhiteElo "2108"]
[BlackElo "2219"]
[PlyCount "63"]
[EventDate "2007.10.07"]
[EventType "team-tourn"]
[EventRounds "11"]
[EventCountry "BEL"]
[SourceTitle "EXT 2009"]
[Source "ChessBase"]
[SourceDate "2008.11.26"]
[SourceVersion "1"]
[SourceVersionDate "2008.11.26"]
[SourceQuality "1"]
[WhiteTeam "Herve"]
[BlackTeam "Deurne"]
[WhiteTeamCountry "BEL"]
[BlackTeamCountry "BEL"]

1. e4 e5 2. Nf3 Nc6 3. Nc3 Nf6 4. Bb5 Nd4 5. Nxe5 Qe7 6. f4 c6 7. Be2 g5 8. Nf3 Nxe2 9. Qxe2 g4 10. Nd4 d6 11. d3 Bg7 12. Be3 c5 13. Nb3 Bd7 14. 0-0 b6 15. Rae1 0-0-0 16. a4 Bc6 17. Bf2 Qd7 18. a5 b5 19. Bh4 Rde8 20. Bxf6 Bxf6 21. Qd2 b4 22. Nd1 Bh4 23. Re2 Bf6 24. Rfe1 Rhg8 25. c3 Ba4 26. Nc1 bxc3 27. bxc3 Bxd1 28. Rxd1 Qa4 29. d4 Qxa5 30. e5 dxe5 31. fxe5 Bg5 32. Qd3 1/2-1/2

[Event "BEL-chT 0506"]
[Site "Belgium"]
[Date "2005.11.20"]
[Round "4"]
[White "Fontaine, Pierre"]
[Black "Bolzoni, Victor Angel"]
[Result "1/2-1/2"]
[WhiteElo "2100"]
[BlackElo "2222"]
[PlyCount "47"]
[EventDate "2005.10.09"]
[EventType "team-tourn"]
[EventRounds "11"]
[EventCountry "BEL"]
[SourceTitle "EXT 2007"]
[Source "ChessBase"]
[SourceDate "2006.11.23"]
[SourceVersion "1"]
[SourceVersionDate "2006.11.23"]
[SourceQuality "1"]
[WhiteTeam "Liege Crelel"]
[BlackTeam "Namur"]
[WhiteTeamCountry "BEL"]
[BlackTeamCountry "BEL"]

1. e4 c5 2. Nf3 e6 3. c4 Nc6 4. d4 cxd4 5. Nxd4 Nf6 6. Nc3 d6 7. Be2 Be7 8. 0-0 0-0 9. b3 Qa5 10. Bb2 Bd7 11. Kh1 d5 12. exd5 exd5 13. Nxd5 Nxd5 14. cxd5 Nxd4 15. Bxd4 Ba3 16. Bc4 Rfe8 17. Qf3 b5 18. Bd3 Qb4 19. Rad1 Rac8 20. h3 a5 21. Qg3 g6 22. Qh4 Bb2 23. Bb1 Bxd4 24. Qxd4 1/2-1/2

[Event "BEL-chT 0405"]
[Site "Belgium"]
[Date "2005.01.16"]
[Round "7"]
[White "Van Weersel, Arlette"]
[Black "Fontaine, Pierre"]
[Result "1/2-1/2"]
[WhiteElo "2174"]
[BlackElo "2098"]
[PlyCount "119"]
[EventDate "2004.09.09"]
[EventType "team-tourn"]
[EventRounds "11"]
[EventCountry "BEL"]
[SourceTitle "EXT 2006"]
[Source "ChessBase"]
[SourceDate "2005.11.24"]
[SourceVersion "1"]
[SourceVersionDate "2005.11.24"]
[SourceQuality "1"]
[WhiteTeam "Boey Temse"]
[BlackTeam "Liege Crelel"]
[WhiteTeamCountry "BEL"]
[BlackTeamCountry "BEL"]

1. e4 c6 2. c4 d5 3. cxd5 cxd5 4. exd5 Nf6 5. Nc3 Nxd5 6. Nf3 Nc6 7. Bc4 Nb6 8. Bb3 Bf5 9. d4 e6 10. 0-0 Be7 11. Be3 0-0 12. d5 exd5 13. Nxd5 Nxd5 14. Bxd5 Qa5 15. Bxc6 bxc6 16. Nd4 Be4 17. Nb3 Qf5 18. f3 Bd5 19. Rc1 Rfe8 20. Bf2 h6 21. Nd4 Qd7 22. Qa4 Rac8 23. Rfd1 Bf6 24. b4 Bxd4 25. Rxd4 Qb7 26. Rd2 a6 27. a3 Re6 28. Rdc2 Qb5 29. Qxb5 axb5 30. Re1 Rxe1+ 31. Bxe1 Ra8 32. Rc3 Re8 33. Kf2 Bc4 34. Re3 Rxe3 35. Kxe3 f6 36. Kd4 Bb3 37. Kc5 Ba4 38. Kxc6 Kf7 39. Kd6 Bb3 40. f4 Bc2 41. Kc5 Ba4 42. f5 Ke8 43. g4 Kf7 44. Bc3 Kf8 45. Be1 Kf7 46. Bg3 Ke8 47. Bd6 Kf7 48. Kc6 Ke8 49. Bc5 Kf7 50. h4 Ke8 51. Bd4 Kf7 52. Kc5 Kf8 53. Be3 Kf7 54. g5 fxg5 55. hxg5 hxg5 56. Bxg5 Kf8 57. Bf4 Ke7 58. Be5 Kf7 59. Kc6 Kf8 60. Bd4 1/2-1/2

[Event "BEL-chT 0405"]
[Site "Belgium"]
[Date "2005.01.09"]
[Round "6"]
[White "Baert, Andy"]
[Black "Fontaine, Pierre"]
[Result "1/2-1/2"]
[WhiteElo "2164"]
[BlackElo "2098"]
[PlyCount "56"]
[EventDate "2004.09.09"]
[EventType "team-tourn"]
[EventRounds "11"]
[EventCountry "BEL"]
[SourceTitle "EXT 2006"]
[Source "ChessBase"]
[SourceDate "2005.11.24"]
[SourceVersion "1"]
[SourceVersionDate "2005.11.24"]
[SourceQuality "1"]
[WhiteTeam "Borgerhout"]
[BlackTeam "Liege Crelel"]
[WhiteTeamCountry "BEL"]
[BlackTeamCountry "BEL"]

1. Nf3 Nf6 2. d4 c5 3. e3 g6 4. Be2 Bg7 5. 0-0 b6 6. c4 0-0 7. Nc3 cxd4 8. Nxd4 Bb7 9. Bf3 Bxf3 10. Qxf3 Na6 11. Rd1 Qc8 12. b3 Nc5 13. Ba3 Re8 14. Rac1 Rb8 15. e4 d6 16. b4 Ne6 17. Nxe6 Qxe6 18. Nd5 Rec8 19. Bb2 Nxd5 20. exd5 Qd7 21. Bxg7 Kxg7 22. Re1 Rc7 23. Qc3+ Kg8 24. Re4 Rbc8 25. Qe3 b5 26. Re1 bxc4 27. Qh6 Qf5 28. g4 Qxd5 1/2-1/2

[Event "BEL-chT 0405"]
[Site "Belgium"]
[Date "2004.12.05"]
[Round "5"]
[White "Fontaine, Pierre"]
[Black "Cappon, John"]
[Result "1/2-1/2"]
[WhiteElo "2098"]
[BlackElo "2186"]
[PlyCount "34"]
[EventDate "2004.09.09"]
[EventType "team-tourn"]
[EventRounds "11"]
[EventCountry "BEL"]
[SourceTitle "EXT 2006"]
[Source "ChessBase"]
[SourceDate "2005.11.24"]
[SourceVersion "1"]
[SourceVersionDate "2005.11.24"]
[SourceQuality "1"]
[WhiteTeam "Liege Crelel"]
[BlackTeam "Charleroi CREC"]
[WhiteTeamCountry "BEL"]
[BlackTeamCountry "BEL"]

1. e4 c5 2. Nf3 e6 3. c4 Nc6 4. d4 cxd4 5. Nxd4 Nf6 6. Nc3 d6 7. Be2 Be7 8. 0-0 Bd7 9. b3 a6 10. Bb2 0-0 11. Kh1 Qc7 12. Nc2 Rfd8 13. f4 Na7 14. Bf3 Rac8 15. Qe2 b5 16. Ne3 bxc4 17. Nxc4 Nb5 1/2-1/2

[Event "BEL-ch opB"]
[Site "Westerlo"]
[Date "2004.07.??"]
[Round "6"]
[White "Artels, Lieven"]
[Black "Fontaine, Pierre"]
[Result "1/2-1/2"]
[WhiteElo "2097"]
[BlackElo "2108"]
[PlyCount "52"]
[EventDate "2004.07.??"]
[EventType "swiss"]
[EventRounds "9"]
[EventCountry "BEL"]
[SourceTitle "EXT 2005"]
[Source "ChessBase"]
[SourceDate "2004.11.15"]
[SourceVersion "1"]
[SourceVersionDate "2004.11.15"]
[SourceQuality "1"]

1. e4 d5 2. exd5 Nf6 3. Bb5+ Nbd7 4. d4 a6 5. Be2 Nxd5 6. c4 N5f6 7. Nf3 c5 8. 0-0 cxd4 9. Qxd4 g6 10. Nc3 Bg7 11. Bg5 0-0 12. Rad1 Qa5 13. Rfe1 e5 14. Qd2 Re8 15. Bf1 b6 16. Bxf6 Nxf6 17. Nxe5 Be6 18. Nf3 Nd7 19. Nd4 Nc5 20. Nxe6 Nxe6 21. Rc1 Red8 22. Qc2 Nd4 23. Qa4 Qg5 24. Ne4 Qf4 25. Ng3 h5 26. Rcd1 b5 1/2-1/2

[Event "BEL-chT 0203"]
[Site "Belgium"]
[Date "2003.01.12"]
[Round "6.6"]
[White "Hammes, Michael"]
[Black "Fontaine, Pierre"]
[Result "1/2-1/2"]
[WhiteElo "2377"]
[BlackElo "2170"]
[PlyCount "96"]
[EventDate "2002.10.06"]
[EventType "team"]
[EventRounds "11"]
[EventCountry "BEL"]
[SourceTitle "EXT 2004"]
[Source "ChessBase"]
[SourceDate "2003.11.25"]
[SourceVersion "1"]
[SourceVersionDate "2003.11.25"]
[SourceQuality "1"]
[WhiteTeam "Eynatten"]
[BlackTeam "Eupen Rochade"]
[WhiteTeamCountry "BEL"]
[BlackTeamCountry "BEL"]

1. d4 f5 2. g3 Nf6 3. Bg2 g6 4. Nf3 Bg7 5. 0-0 0-0 6. c4 d6 7. Nc3 Na6 8. d5 Nc5 9. Nd4 a5 10. b3 Bd7 11. Bb2 Qc8 12. Qd2 Nce4 13. Nxe4 Nxe4 14. Bxe4 fxe4 15. Nb5 Bxb2 16. Qxb2 c6 17. Nc3 Bh3 18. dxc6 bxc6 19. Nxe4 Bxf1 20. Rxf1 Qf5 21. Qd4 a4 22. b4 a3 23. Nc3 Rfb8 24. b5 cxb5 25. cxb5 Qc5 26. Qd3 Kg7 27. Rb1 Rc8 28. Rb3 Qc4 29. Qe3 e5 30. Qf3 Rab8 31. Rxa3 Rc7 32. Rb3 Rc5 33. Qe3 Qd4 34. a4 Qc4 35. Ne4 Qc1+ 36. Qxc1 Rxc1+ 37. Kg2 Ra1 38. Nc3 d5 39. Nxd5 Rxa4 40. f3 Rd4 41. e4 Kf7 42. Rb2 Rb7 43. b6 Ke6 44. Kf2 Kd6 45. Ke3 Ra4 46. Rb3 Ra5 47. h4 Rc5 48. g4 Rc1 1/2-1/2

[Event "BEL FEFB-ch"]
[Site "Charleroi"]
[Date "2000.06.01"]
[Round "1"]
[White "Wantiez, Fabrice"]
[Black "Fontaine, Pierre"]
[Result "0-1"]
[WhiteElo "2315"]
[BlackElo "2159"]
[PlyCount "72"]
[EventDate "2000.06.??"]
[EventType "swiss"]
[EventRounds "7"]
[EventCountry "BEL"]
[SourceTitle "EXT 2003"]
[Source "ChessBase"]
[SourceDate "2002.11.25"]
[SourceVersion "1"]
[SourceVersionDate "2002.11.25"]
[SourceQuality "1"]

1. e4 d5 2. exd5 Qxd5 3. Nf3 Bg4 4. Be2 Nc6 5. 0-0 0-0-0 6. Nc3 Qd7 7. b4 Nf6 8. b5 Nd4 9. Nxd4 Qxd4 10. a4 e6 11. a5 Bxe2 12. Qxe2 Bd6 13. a6 Bxh2+ 14. Kh1 Qh4 15. axb7+ Kb8 16. g3 Bxg3+ 17. Kg2 Qh2+ 18. Kf3 Bd6 19. Qc4 Qh5+ 20. Kg2 Qg4+ 21. Qxg4 Nxg4 22. d3 Bc5 23. Ra4 h5 24. Ne4 Bb6 25. Ba3 Rd4 26. c4 f5 27. Nc5 Ne5 28. f4 Ng4 29. Rf3 Rhd8 30. Nxe6 Re8 31. Nxd4 Bxd4 32. Rh3 Re2+ 33. Kf1 Rf2+ 34. Ke1 Ra2 35. Ra5 Ne3 36. Bb2 Rxb2 0-1